Nome dos Brawlers - Statistics

Estatísticas Gerais
  • Esse quiz foi jogado 124 vezes
  • A pontuação média é 51 de 86
Estatísticas das Respostas
Resposta % Correto
Shelly
90%
Colt
86%
Bull
81%
Corvo
80%
Nita
80%
Barley
78%
Amber
77%
Spike
77%
Brock
75%
Kenji
74%
Meg
74%
Bo
72%
Kit
72%
Leon
72%
8-bit
71%
Poco
71%
Tick
71%
El primo
70%
Frank
70%
Jessie
70%
Rosa
70%
Darryl
67%
Edgar
67%
Rico
67%
Wattson
67%
Chester
65%
Emz
65%
Piper
65%
Juju
64%
Mortis
64%
Sandy
64%
Dynamike
62%
Max
62%
Pam
62%
Bibi
61%
Cordelius
61%
Buzz
59%
Carl
59%
Mandy
59%
Penny
59%
Shade
59%
Tara
59%
Bea
58%
Byron
58%
Moe
58%
Sprout
58%
Belle
57%
Draco
57%
Grom
57%
Sam
57%
Stu
57%
Ash
55%
Gale
55%
Willow
55%
Angelo
54%
Collete
54%
Eugênio
54%
Ruffs
54%
Chuck
52%
Fang
52%
Janet
52%
Mico
52%
Nani
52%
Clancy
51%
Gus
51%
Lou
51%
R-T
51%
Gray
49%
Lily
49%
Bonnie
48%
Hank
48%
Lola
48%
Berry
46%
Buster
46%
Charlie
46%
Doug
46%
Squeak
46%
Griff
45%
Jacky
45%
Larry&Lawrie
45%
Melodie
45%
Otis
45%
Eve
41%
Mr. P
41%
Pearl
39%
Maisie
36%
Nenhum quiz correspondente encontrado
Distribuição das Pontuações
Porcentagem de Pessoas com Cada Pontuação
Percentil de Números Respondidos
Sua Pontuação Histórica
Você não jogou esse quiz